00446cam a2200157 i 4500020002500000020002200025041000800047082001300055100001900068245007500087260003200162300001900194490002200213650002600235650002700261 a9780801027260 (pbk.) a0801027268 (pbk.) aENG00a801bLUN1 aLundin, Roger.10aBeginning with the word : Modern Literature and the question of Belief aU.S.AbBaker Academicc2014 ax, 261 pages ;0 aCultural exegesis 0aLiterature and Morals 0aLiterature and morals.